000 01408nam0a2200337 4500
001 RU\NLR\bibl\1375381
005 20260406055922.0
010 _a978-5-7789-0236-0
_910000
021 _aRU
_b2009-25696
_91527
035 _a(NLR Aleph) 001367492
090 _a1020318
_c1020318
100 _a20090602d2009 |||y0rusy50 ca
101 0 _arus
102 _aRU
105 _ay |||||||||
200 1 _aБеседы на Евангелия
_eв двух книгах
_fсвт. Григорий Двоеслов
210 _aМосква
_cИзд-во Московского Подворья Свято-Троицкой Сергиевой Лавры
_d2009
215 _a438 с.
_d22
300 _aНа обороте тит. л.: К 400-летию основания Моск. Подворья Свято-Троиц. Сергиевой Лавры
320 _aБиблиогр. в подстроч. примеч.
605 _aБиблия
_iНовый Завет
_iЕвангелие
_xТолкование
_92079113
_3RU\NLR\auth\661254985
606 1 _aПатристика
_92291912
_3RU\NLR\auth\661372588
686 _aЭ37-4
700 0 _4070
_7ca
_8rus
_aГригорий
_cпапа
_dI
_fок.540-604
_9120000
_3RU\NLR\AUTH\7710219
801 0 _aRU
_bNLR
_c20090602
_gRCR
801 1 _aRU
_bNLR
_c20090602
942 _cBOOK
980 _aNB